LEADER 01335nam a2200301 i 4500 001 000000045087 003 CaOOAMICUS 005 20240916171420.0 008 951222s1994 it u000 u ita u 020 $a88-7023-195-X 040 $aSeMil$bita 100 1 $aVismara Chiappa, Paola <1947-2015>.$0(OLS)http://semarc/name/90318 245 10$aSettecento religioso in Lombardia /$cPaola Vismara ; prefazione di Louis Châtellier. 264 1$aMilano :$bNED,$c1994. 300 $a308 p. ;$c24 cm 490 1 $aArchivio Ambrosiano ;$v69. 650 4$aLombardia - Storia religiosa.$0(OLS)http://semarc/subject/42459 650 4$aLombardia - Storia - Sec. 18.$0(OLS)http://semarc/subject/199 650 4$aMilano (Arcidiocesi) - Storia religiosa - Sec. 18.$0(OLS)http://semarc/subject/37245 700 1 $aChâtellier, Louis,$d<1935-2016>.$0(OLS)http://semarc/name/15993 830 0$aArchivio Ambrosiano ;$v69.$0(OLS)http://semarc/title/254 850 $aSeMil 852 $aSeMil$W1$xVenegono$y1$m3TA A 69$j250832$B11242$CSeMilBibl$Z2$F11242 $81 961 $aOmaggio: Conti Franco 996 $6020$a88-7023-195-X$9(OLS)http://semarc/number/17147 996 $6245$aSettecento religioso in Lombardia$9(OLS)http://semarc/title/66925 996 $6264$aMilano :$bNED$9(OLS)http://semarc/publisher/30187 LEADER 01371nam a2200277 i 4500 001 000000127468 003 CaOOAMICUS 005 20070522000000.0 008 070522s1979 it u000 u ita u 013 $a100178 040 $aSeMil$bita 100 1 $aMortarotti, Renzo.$0(OLS)http://semarc/name/52969 245 12$aI Walser nella Val d'Ossola :$ble colonie tedesco-vallesane di Macugnaga, Formazza, Agaro, Salecchio, Ornavasso e Migiandone /$cRenzo Mortarotti ; fotografie di Carlo Pessina. 260 $aDomodossola :$bLibreria Giovannacci,$c1979. 300 $a391 p. :$bill. ;$c24 cm. 500 $aContiene : Bibliografia. - Fondo card. C.M. Martini. 650 4$aVal d'Ossola.$0(OLS)http://semarc/subject/25048 650 4$aMinoranze etniche - Italia - Val d'Ossola.$0(OLS)http://semarc/subject/25049 650 4$aWalser.$0(OLS)http://semarc/subject/10315 700 1 $aPessina, Carlo.$0(OLS)http://semarc/name/53037 850 $aSeMil 852 $aSeMil$W1$xVenegono$y1$m3P III 69$j81766$B81766$CSeMilBibl$Z2$F124622 $81 941 1 $a4 961 $aOmaggio: Martini Card. Carlo Maria 996 $6245$aI Walser nella Val d'Ossola :$ble colonie tedesco-vallesane di Macugnaga, Formazza, Agaro, Salecchio, Ornavasso e Migiandone$9(OLS)http://semarc/title/188146 996 $6260$aDomodossola :$bLibreria Giovannacci$9(OLS)http://semarc/publisher/46539